Word Links #1 (Only Connect Wall) - Statistics

General Stats
  • This quiz has been taken 6,705 times
    6,363 since last reset
  • The average score is 7 of 8
Answers on the Map
Answers color-coded by a green-red scale on the quiz's map according to % correct below.
 
Answer Stats
Answer % Correct
Flowers
94%
Rivers
94%
Colours
92%
Websites
89%
Amazon, eBay, Google, Jetpunk
83%
Daisy, Lily, Tulip, Violet
80%
Congo, Nile, Seine, Yellow
71%
Ochre, Mauve, Russet, Pink
69%
No matching quizzes found
Score Distribution
Percent of People with Each Score
Percentile by Number Answered
Your Score History
You have not taken this quiz since the last reset